000 01225nam2a22002531 4500
001 RU\NLR\INFOCOMM10\1000323402
005 20250617013835.0
035 _a(NLR Aleph) 002350535
090 _a4511045
_c4511045
100 _a20041109d1914 |||y0rusy50 ca
101 0 _arus
102 _aRU
105 _ay |||||||||
200 1 _aИз сортоводства гречи на урожайность
_fЛ. Альтгаузен
210 _d1914
_aБ. м.
461 0 _1001RU\NLR\INFOCOMM10\1000323399
_12001#$aСообщение$fГ.У.З. и З. Деп. земледелия. Из работ С.-х. зим. лаборатории Глав. Упр. З. и З. в С.-Петербурге$v5
_94511036
_aСельскохозяйственная химическая лаборатория (Петербург)
_cСПб.
_d1914-1916
_fГ.У.З. и З. Деп. земледелия. Из работ С.-х. зим. лаборатории Глав. Упр. З. и З. в С.-Петербурге
_tСообщение
_v5
700 1 _aАльтгаузен
_bЛ.
_4070
801 1 _aRU
_bInfoComm
_c20041109
801 0 _aRU
_bNLR
_gPSBO
852 _aNLR
_j37.63.1.24
942 _cISSUE
980 _aNB
980 _aRUSPER